Adoption of brinjal production technologies by the farmers in Rangpur district / (Record no. 15831)

MARC details
000 -LEADER
fixed length control field 01141nam a22002417a 4500
003 - CONTROL NUMBER IDENTIFIER
control field BD-DhSAU
005 - DATE AND TIME OF LATEST TRANSACTION
control field 20220524161741.0
008 - FIXED-LENGTH DATA ELEMENTS--GENERAL INFORMATION
fixed length control field 220425b2020 bg bad|| |||| 001 0 eng d
040 ## - CATALOGING SOURCE
Original cataloging agency BD-DhSAU
082 ## - DEWEY DECIMAL CLASSIFICATION NUMBER
Edition number 22
Classification number 630.715
Item number M6969
100 ## - MAIN ENTRY--PERSONAL NAME
Personal name Mithun, Md. Mosaddak Hasan
Relator term Registration # 18-09167
245 ## - TITLE STATEMENT
Title Adoption of brinjal production technologies by the farmers in Rangpur district /
Remainder of title MS thesis
Statement of responsibility, etc. Md. Mosaddak Hasan Mithun
260 ## - PUBLICATION, DISTRIBUTION, ETC. (IMPRINT)
Place of publication, distribution, etc. Sher-e-Bangla Agricultural Uniersity :
Name of publisher, distributor, etc. Department of Agricultural Extension & Information System ;
Date of publication, distribution, etc. 2020
300 ## - PHYSICAL DESCRIPTION
Extent x, 76 p. :
Other physical details ill. , charts, maps ;
Dimensions 30 cm.
500 ## - GENERAL NOTE
General note MS thesis Department of Agricultural Extension & Information System, Faculty of Agriculture, Sher-e-Bangla Agricultural University, Dhaka, Bangladesh
590 ## - Name of Cataloguer
Name of Cataloger kobir
650 ## - SUBJECT ADDED ENTRY--TOPICAL TERM
Topical term or geographic name as entry element Agricultural Extension & Information System
650 ## - SUBJECT ADDED ENTRY--TOPICAL TERM
Topical term or geographic name as entry element Brinjal production technologies
General subdivision Rangpur district
700 ## - ADDED ENTRY--PERSONAL NAME
Personal name Bashar, Md. Abul
Relator term Supervisor
700 ## - ADDED ENTRY--PERSONAL NAME
Personal name Abdullah, Md. Masum
Relator term Co-Supervisor
856 ## - ELECTRONIC LOCATION AND ACCESS
Link text Online Access
Uniform Resource Identifier <a href="http://archive.saulibrary.edu.bd:8080/xmlui/handle/123456789/3707">http://archive.saulibrary.edu.bd:8080/xmlui/handle/123456789/3707</a>
942 ## - ADDED ENTRY ELEMENTS (KOHA)
Source of classification or shelving scheme Dewey Decimal Classification
Koha item type MS Level Thesis
Holdings
Withdrawn status Lost status Source of classification or shelving scheme Damaged status Not for loan Collection code Home library Branch Name Shelving location Date acquired Total Checkouts Full call number Barcode Date last seen Price effective from Koha item type
    Dewey Decimal Classification   Not For Loan Reference SAU Library SAU Library Reference 22/03/2022   630.715 M6969 43261 24/05/2022 24/05/2022 MS Level Thesis